Statistics for Asian Countries By Sodium Consumption

Click here to take the quiz!

General Stats

  • This quiz has been taken 8 times
  • The average score is 13 of 15

Answer Stats

Countries% Correct
China
100%
South Korea
100%
Brunei
88%
Cambodia
88%
East Timor
88%
Indonesia
88%
Laos
88%
Malaysia
88%
Myanmar
88%
Philippines
88%
Singapore
88%
Thailand
88%
Vietnam
88%
North Korea
63%
Sri Lanka
63%

Score Distribution

Percentile by Number Answered

Percent of People with Each Score

Your Score History

You have not taken this quiz